000 00607nam a2200205Ia 4500
005 20250508170009.0
008 008 250505s9999 xx 000 0 eng d
020 _a978-1-107-61412-3
037 _aReference
040 _aFEDL
_beng
_cFEDL
041 _aeng
_2eng
084 _a415.0182 3, LEV/RR
_qFEDL
100 _aLevine Robert D
_9613718
245 0 _aSyntactic analysis: An HPSG- based approach
260 _aCambridge
_bCambridge University Press
_c2017
300 _axv, 334p.
365 _aGBP
_b24.99
942 _cREF
_h415.0182 3, LEV/RR
999 _c1398595
_d1398595